000
00372nam a2200133Ia 4500
008
151001s9999||||xx |||||||||||||| ||und||
100
_a
अरुण शेवते
245
_a
सिनेमाचे दिवस
250
_a
1
260
_b
मुद्रा प्रकाशन विरार
260
_c
2004
300
_a
128
365
_b
21
999
_c
983439
_d
983436